000 02250cam a22004934i 4500
003 PE-LiUPU
005 20250731165520.0
008 150623s r 000 0 d
020 _a9582003936
035 _a(Sirsi) i9789582003937
040 _aPE-LiUPU
_bspa
_cPE-LiUPU
_erda
049 _aPRUA
082 0 4 _a001.4
_bU75
_221
245 0 0 _aUrdimbres y tramas en la investigación interdisciplinaria /
_cJosé Eduardo Rueda E. comp.
264 1 _aSanta Fe de Bogotá, Colombia :
_bCooperativa Editorial Magisterio,
_c1998.
300 _a226 páginas :
_bilustraciones, gráficos ;
_c24 centímetros
336 _atext
_2rdacontent
337 _aunmediated
_2rdamedia
338 _avolume
_2rdacarrier
490 0 _aColección Aula Abierta
505 0 _aLos hilos: El diálogo como fundamento de la relación interdisciplinaria. El saber y la ciencia: busquedas, desafíos y metas. La idea de nación.- El telar: El univeso político como creación social. La construcción de lo público y lo colectivo. Un abordaje interdisciplinario desde el centro de la psicología social. La comunidad: un referente en la construcción del sentido de pertenencia. La interpretación del sujeto en el trabajo comunitario. Los tejedores: Los lenguajes y la cultura. La investigación en ciencias humanas y los media. Notas para una historia de la interdisciplinariedad en perspectiva antropológica.
526 _aSEG44
526 _aSEG26
526 _aP151
526 _aP150
526 _aP149
526 _aP146
526 _aP145
526 _aP126
526 _aP125
526 _aP92
526 _aP75
526 _aP74
526 _aP27
526 _aP15
541 _g004987;
650 0 4 _aInvestigación interdisciplinaria.
700 1 _aRueda E., José Eduardo,
_ecomp.
942 _2ddc
_cBOOK
949 _a001.4 U75
_wDEWEY
_c1
_i51834
_lCCODEBUL1
_mBUL
_p20.00
_r0
_sY
_tBOOK
_u2015-6-24
_xEDUCACION
_zUNKNOWN
_0COMPRA
_o.STAFF. Colección General
994 _aC0
_bPEPRU
596 _a1
999 _a001.4 U75
_wDEWEY
_c33593
_i51834
_f2021-11-4
_g5
_lCCODEBUL1
_mBUL
_p20.00
_r0
_sY
_tBOOK
_u2015-6-24
_xBIBLIOTECA
_zUNKNOWN
_0COMPRA
_o.STAFF. Colección General
_d33593
980 _81
_gALBERTO SANCHEZ Responsable de Automatización